[Event "Accession B 2012/2013"]
[Site "Vitrolles"]
[Date "2013.03.09"]
[Round "8"]
[White "Parroco, Pierre-Jean"]
[Black "Figier, Anthony"]
[Result "0-1"]
[WhiteElo "1722"]
[BlackElo "1821"]
[PlyCount "60"]

1. e4 Nf6 2. e5 Nd5 3. d4 d6 4. Nf3 g6 5. c4 Nb6 6. Be2 Bg7 7. O-O O-O 8. h3
Nc6 9. exd6 cxd6 10. Be3 d5 11. c5 Nc4 12. Bc1 b6 13. b3 N4a5 14. cxb6 Qxb6 15.
Be3 Ba6 16. Nc3 Bxe2 17. Nxe2 Nb7 18. Qd2 Rfc8 19. Rac1 Nd6 20. Rfd1 e6 21. Nc3
Qd8 22. a3 Rab8 23. Qa2 Nf5 24. Ne2 Nxe3 25. fxe3 Ne7 26. b4 Nf5 27. Rxc8 Rxc8
28. Rd3 Bh6 29. Kf2 Nd6 30. Nc3 Rxc3 0-1

[Event "Accession B 2012/2013"]
[Site "Vitrolles"]
[Date "2013.03.23"]
[Round "9"]
[White "Figier, Anthony"]
[Black "Beraud, Robert"]
[Result "0-1"]
[WhiteElo "1821"]
[BlackElo "1724"]
[PlyCount "66"]

1. c4 e5 2. Nc3 Nc6 3. g3 g6 4. Bg2 Bg7 5. Nf3 f5 6. d3 Nf6 7. O-O d6 8. Rb1
O-O 9. b4 a6 10. Bg5 h6 11. Bxf6 Bxf6 12. Nd5 Bg7 13. a4 Be6 14. Nd2 Rb8 15. b5
axb5 16. axb5 Ne7 17. Nxe7+ Qxe7 18. b6 c6 19. f4 g5 20. fxe5 dxe5 21. e4 f4
22. gxf4 exf4 23. Nb3 g4 24. Rf2 Qh4 25. Rc2 f3 26. Kh1 fxg2+ 27. Rxg2 Be5 28.
d4 Rbd8 29. d5 Bc8 30. Qe2 g3 31. Nd2 Bg4 32. Qe1 Rf2 33. Nf1 Rxg2 0-1

[Event "Accession B 2012/2013"]
[Site "Vitrolles"]
[Date "2013.03.23"]
[Round "9"]
[White "Madranges, Jean"]
[Black "Muhajiz, Gibran"]
[Result "0-1"]
[WhiteElo "1806"]
[BlackElo "1488"]
[PlyCount "54"]

1. e4 e5 2. Bc4 Nf6 3. Nc3 Bc5 4. d3 d6 5. f4 Ng4 6. f5 Nf2 7. Qh5 g6 8. Qh6
Nxh1 9. Qg7 Rf8 10. Bh6 Nd7 11. Nf3 gxf5 12. Qxh7 Nb6 13. Bxf7+ Rxf7 14. Qg8+
Kd7 15. Qxf7+ Qe7 16. Qxf5+ Ke8 17. Qh5+ Qf7 18. Qg5 Be6 19. Ke2 Kd7 20. Rf1
Nf2 21. Rxf2 Bxf2 22. Kxf2 Rg8 23. Qh4 Rg4 24. Qh3 Rxe4 25. Qg3 Rg4 26. Qh3 Qg6
27. Kg1 Rg5 0-1